[Event "VIII Iberoamericano Mexico 2022"]
[Site "Mexico City"]
[Date "2022.02.16"]
[Round "5.42"]
[White "Alfaro, William"]
[Black "Torres Rivas, Felipe de Jesus"]
[Result "1/2-1/2"]
[WhiteElo "2143"]
[BlackElo "1845"]
[Annotator "NA"]
[PlyCount "65"]
[EventDate "2022.02.12"]
[EventType "swiss"]
[EventCountry "MEX"]
[SourceTitle "playchess.com"]
[Source "ChessBase"]
[SourceQuality "1"]
[TimeControl "5400+30"]

1. d4 {[%emt 0:04:27]} d5 {[%emt 0:09:53]} 2. c4 {[%emt 0:00:28]} c6 {[%emt 0:00:09]} 3. Nf3 {[%emt 0:00:10]} Nf6 {[%emt 0:00:04]} 4. e3 {[%emt 0:00:51]} e6 {[%emt 0:01:16]} 5. b3 {[%emt 0:02:10]} Bd6 {[%emt 0:02:54]} 6. Bd3 {[%emt 0:00:20]} O-O {[%emt 0:00:28]} 7. Nbd2 {[%emt 0:00:32]} Nbd7 {[%emt 0:02:14]} 8. Bb2 {[%emt 0:00:10]} Qe7 {[%emt 0:01:28]} 9. Ne5 {[%emt 0:05:55]} c5 {[%emt 0:08:51]} 10. O-O {[%emt 0:00:51]} b6 {[%emt 0:00:18]} 11. Qf3 {[%emt 0:30:01]} Bb7 {[%emt 0:01:35]} 12. Qh3 {[%emt 0:03:07]} h6 {[%emt 0:05:13]} 13. Rfd1 {[%emt 0:06:22]} Rfd8 {[%emt 0:00:31]} 14. cxd5 {[%emt 0:05:05]} exd5 {[%emt 0:05:03]} 15. Nxd7 {[%emt 0:04:18]} Qxd7 {[%emt 0:00:27]} 16. Qf3 {[%emt 0:00:52]} c4 {[%emt 0:08:45]} 17. Bf5 {[%emt 0:00:07]} Qc7 {[%emt 0:00:06]} 18. Rac1 {[%emt 0:00:01]} b5 {[%emt 0:00:10]} 19. Qe2 {[%emt 0:03:02]} Bc8 {[%emt 0:10:29]} 20. Bxc8 {[%emt 0:01:03]} Raxc8 {[%emt 0:00:17]} 21. e4 {[%emt 0:01:21]} Bxh2+ {[%emt 0:01:25]} 22. Kh1 {[%emt 0:00:13]} Bf4 {[%emt 0:00:06]} 23. exd5 {[%emt 0:04:03]} Rxd5 {[%emt 0:01:09]} 24. g3 {[%emt 0:10:19]} Qb7 {[%emt 0:14:30]} 25. Kg1 {[%emt 0:04:54]} Bxd2 {[%emt 0:11:54]} 26. Rxd2 {[%emt 0:00:04]} Re8 {[%emt 0:00:20]} 27. Qf3 {[%emt 0:00:22]} cxb3 {[%emt 0:12:40]} 28. axb3 {[%emt 0:01:00]} Qd7 {[%emt 0:00:21]} 29. Re2 {[%emt 0:05:12]} Rxe2 {[%emt 0:01:36]} 30. Qxe2 {[%emt 0:00:01]} a5 {[%emt 0:00:24]} 31. Rc5 {[%emt 0:03:03]} a4 {[%emt 0:01:24]} 32. Qf3 {[%emt 0:06:06]} Qb7 {[%emt 0:00:30]} 33. Rc1 {[%emt 0:00:30]} 1/2-1/2

[Event "VIII Iberoamericano Mexico 2022"]
[Site "Mexico City"]
[Date "2022.02.16"]
[Round "5.43"]
[White "Salazar Moreno, Rafael"]
[Black "Vega Garcia, Jorge Arturo"]
[Result "0-1"]
[WhiteElo "1778"]
[BlackElo "2121"]
[Annotator "ChessBase"]
[PlyCount "88"]
[EventDate "2022.02.12"]
[EventType "swiss"]
[EventCountry "MEX"]
[SourceTitle "playchess.com"]
[Source "ChessBase"]
[SourceQuality "1"]
[TimeControl "5400+30"]

1. d4 {[%emt 0:10:15]} g6 {[%emt 0:00:54]} 2. Nf3 {[%emt 0:00:13]} Bg7 {[%emt 0:00:15]} 3. Bf4 {[%emt 0:00:49]} d6 {[%emt 0:00:36]} 4. e3 {[%emt 0:00:25]} Nd7 {[%emt 0:00:18]} 5. c3 {[%emt 1:21:18]} e5 6. dxe5 {[%emt 0:00:00]} dxe5 {[%emt 0:01:40]} 7. Bg3 {[%emt 0:00:00]} Qe7 {[%emt 1:30:17]} 8. Nbd2 {[%emt 0:00:00]} Ngf6 {[%emt 0:00:00]} 9. h3 {[%emt 0:00:00]} O-O {[%emt 0:00:00]} 10. Be2 {[%emt 0:02:30]} Re8 11. O-O {[%emt 0:00:00]} h6 {[%emt 0:00:00]} 12. Qc2 {[%emt 0:01:00]} b6 13. Nc4 {[%emt 0:00:00]} Nh7 {[%emt 0:03:00]} 14. Rad1 Nhf8 {[%emt 0:00:00]} 15. Rfe1 {[%emt 0:00:00]} Bb7 {[%emt 0:00:00]} 16. a4 {[%emt 0:00:00]} a5 {[%emt 0:00:00]} 17. Na3 {[%emt 0:00:00]} Nc5 {[%emt 0:00:00]} 18. Nb5 {[%emt 0:00:00]} Be4 {[%emt 0:00:00]} 19. Qd2 {[%emt 0:00:00]} Nb3 {[%emt 0:00:00]} 20. Nxc7 {[%emt 0:00:00]} Nxd2 {[%emt 0:00:00]} 21. Nxe8 {[%emt 0:00:00]} Nxf3+ {[%emt 0:00:00]} 22. gxf3 {[%emt 0:00:00]} Bc2 {[%emt 0:00:00]} 23. Rd2 {[%emt 0:00:00]} Qxe8 {[%emt 0:00:00]} 24. Rxc2 {[%emt 0:00:00]} Qxa4 {[%emt 0:00:00]} 25. Rd2 {[%emt 0:00:00]} h5 {[%emt 0:00:00]} 26. Red1 {[%emt 0:00:00]} h4 {[%emt 0:00:00]} 27. Bh2 {[%emt 0:00:00]} Qb3 {[%emt 0:00:00]} 28. Ra1 {[%emt 0:00:00]} Qe6 {[%emt 0:00:00]} 29. Bf1 {[%emt 0:00:00]} Nh7 {[%emt 0:00:00]} 30. Ra4 {[%emt 0:00:00]} Ng5 {[%emt 0:00:00]} 31. Bg2 {[%emt 0:00:00]} Qc6 {[%emt 0:00:00]} 32. Rxh4 {[%emt 0:00:00]} Nxf3+ {[%emt 0:00:00]} 33. Kh1 {[%emt 0:00:00]} e4 {[%emt 0:00:00]} 34. Rd6 {[%emt 0:00:00]} Qxd6 {[%emt 0:00:00]} 35. Bxd6 {[%emt 0:00:00]} Nxh4 {[%emt 0:00:00]} 36. Bxe4 {[%emt 0:00:00]} Rd8 {[%emt 0:00:00]} 37. Bc7 {[%emt 0:00:00]} Rd2 {[%emt 0:00:00]} 38. Bxb6 {[%emt 0:00:00]} Rxb2 {[%emt 0:00:00]} 39. Bxa5 {[%emt 0:00:00]} Rxf2 {[%emt 0:00:00]} 40. c4 {[%emt 0:00:00]} Nf3 {[%emt 0:00:00]} 41. Bc7 {[%emt 0:00:00]} Be5 {[%emt 0:00:00]} 42. Bxf3 {[%emt 0:01:36]} Bxc7 {[%emt 0:00:00]} 43. Bg2 {[%emt 0:00:45]} Re2 {[%emt 0:00:00]} 44. Kg1 {[%emt 0:00:35]} Rxe3 {[%emt 0:00:00]} 0-1

[Event "VIII Iberoamericano Mexico 2022"]
[Site "Mexico City"]
[Date "2022.02.16"]
[Round "5.44"]
[White "Hernandez Diaz, Paula Sofia"]
[Black "Limon Olmos, Ivan Alonso"]
[Result "1/2-1/2"]
[WhiteElo "1762"]
[BlackElo "2106"]
[Annotator "ChessBase"]
[PlyCount "125"]
[EventDate "2022.02.12"]
[EventType "swiss"]
[EventCountry "MEX"]
[SourceTitle "playchess.com"]
[Source "ChessBase"]
[SourceQuality "1"]
[TimeControl "5400+30"]

1. c4 {[%emt 0:07:22]} e6 {[%emt 0:16:33]} 2. Nf3 {[%emt 0:00:41]} d5 {[%emt 0:01:12]} 3. d4 {[%emt 0:01:00]} Nf6 {[%emt 0:00:14]} 4. g3 {[%emt 0:00:25]} Be7 {[%emt 0:00:29]} 5. Bg2 {[%emt 0:00:09]} O-O {[%emt 0:00:10]} 6. O-O {[%emt 0:00:17]} c6 {[%emt 0:00:14]} 7. Qc2 {[%emt 0:00:35]} b6 {[%emt 0:00:21]} 8. Nbd2 {[%emt 0:01:44]} Bb7 {[%emt 0:00:18]} 9. e4 {[%emt 0:20:43]} dxc4 {[%emt 0:00:09]} 10. Nxc4 {[%emt 0:03:17]} c5 {[%emt 0:00:09]} 11. e5 {[%emt 0:02:45]} Nd5 {[%emt 0:00:15]} 12. dxc5 {[%emt 0:00:49]} bxc5 {[%emt 0:00:07]} 13. a3 {[%emt 0:02:16]} Nc6 {[%emt 0:03:16]} 14. Rd1 {[%emt 0:04:14]} Rc8 {[%emt 0:04:58]} 15. b3 {[%emt 0:08:21]} h6 {[%emt 0:03:21]} 16. Bb2 {[%emt 0:03:16]} Qc7 {[%emt 0:01:59]} 17. Rac1 {[%emt 0:02:13]} Rfd8 {[%emt 0:01:22]} 18. h3 {[%emt 0:08:56]} Rd7 {[%emt 0:06:58]} 19. Nd6 {[%emt 0:13:53]} Bxd6 {[%emt 0:03:43]} 20. exd6 {[%emt 0:00:51]} Qxd6 {[%emt 0:00:13]} 21. Qxc5 {[%emt 0:00:20]} Qb8 {[%emt 0:01:01]} 22. Qb5 {[%emt 0:04:20]} Rcd8 {[%emt 0:11:11]} 23. Qe2 {[%emt 0:06:39]} Qa8 {[%emt 0:20:48]} 24. b4 {[%emt 0:02:17]} a6 {[%emt 0:01:38]} 25. Ne5 {[%emt 0:01:55]} Nxe5 {[%emt 0:00:55]} 26. Qxe5 {[%emt 0:00:07]} Nf6 {[%emt 0:00:29]} 27. Rxd7 {[%emt 0:00:37]} Rxd7 {[%emt 0:00:03]} 28. Bxb7 {[%emt 0:00:21]} Qxb7 {[%emt 0:00:08]} 29. Qf4 {[%emt 0:00:23]} Ne8 {[%emt 0:03:44]} 30. Qe3 {[%emt 0:01:24]} Nc7 {[%emt 0:06:04]} 31. Qc3 {[%emt 0:02:00]} Ne8 {[%emt 0:00:05]} 32. Qe3 {[%emt 0:00:08]} Qb5 {[%emt 0:02:43]} 33. Qe1 {[%emt 0:01:51]} Qh5 {[%emt 0:03:10]} 34. h4 {[%emt 0:01:21]} Rd3 {[%emt 0:03:54]} 35. Qe4 {[%emt 0:00:00]} Rd1+ {[%emt 0:01:27]} 36. Rxd1 {[%emt 0:00:00]} Qxd1+ {[%emt 0:00:07]} 37. Kg2 {[%emt 0:00:03]} Nc7 {[%emt 0:02:22]} 38. Qe5 {[%emt 0:00:46]} Ne8 {[%emt 0:01:36]} 39. Qe4 {[%emt 0:00:29]} Qb3 {[%emt 0:01:00]} 40. Qa8 {[%emt 0:01:03]} Kf8 {[%emt 0:00:30]} 41. Bxg7+ {[%emt 0:00:26]} Kxg7 {[%emt 0:00:02]} 42. Qxe8 {[%emt 0:00:07]} Qxa3 {[%emt 0:00:31]} 43. Qb8 {[%emt 0:00:08]} Qb2 {[%emt 0:00:25]} 44. Qf4 {[%emt 0:01:58]} Qe2 {[%emt 0:00:26]} 45. Qd4+ {[%emt 0:00:00]} e5 {[%emt 0:00:11]} 46. Qd6 {[%emt 0:00:00]} h5 {[%emt 0:01:24]} 47. Kg1 {[%emt 0:00:07]} f6 {[%emt 0:00:49]} 48. Qe7+ {[%emt 0:01:13]} Kg6 {[%emt 0:00:02]} 49. Kg2 {[%emt 0:00:32]} Kf5 {[%emt 0:00:46]} 50. Qd7+ {[%emt 0:00:27]} Ke4 {[%emt 0:00:35]} 51. Qc6+ {[%emt 0:00:10]} Kf5 {[%emt 0:00:51]} 52. Qd7+ {[%emt 0:00:13]} Kg6 {[%emt 0:00:09]} 53. Qe8+ {[%emt 0:00:20]} Kg7 {[%emt 0:00:29]} 54. Qe7+ {[%emt 0:00:19]} Kg6 {[%emt 0:00:02]} 55. Qe8+ {[%emt 0:00:06]} Kf5 {[%emt 0:00:01]} 56. Qd7+ {[%emt 0:00:08]} Ke4 {[%emt 0:00:17]} 57. Qc6+ {[%emt 0:00:12]} Kf5 {[%emt 0:02:22]} 58. Qd7+ {[%emt 0:00:09]} Ke4 {[%emt 0:01:12]} 59. Qc6+ {[%emt 0:03:34]} Kd4 60. Qxf6 Kc3 {[%emt 0:01:00]} 61. Qd6 {[%emt 0:01:00]} Qe4+ {[%emt 0:00:30]} 62. Kg1 {[%emt 0:00:30]} Qxb4 {[%emt 0:00:30]} 63. Qxa6 {[%emt 0:00:00]} 1/2-1/2

[Event "VIII Iberoamericano Mexico 2022"]
[Site "Mexico City"]
[Date "2022.02.16"]
[Round "5.45"]
[White "Davalos Prieto, Abel Justo"]
[Black "Garcia Lopez, Miguel Angel"]
[Result "1-0"]
[WhiteElo "2103"]
[BlackElo "2262"]
[Annotator "ChessBase"]
[PlyCount "91"]
[EventDate "2022.02.12"]
[EventType "swiss"]
[EventCountry "MEX"]
[SourceTitle "playchess.com"]
[Source "ChessBase"]
[SourceQuality "1"]
[TimeControl "5400+30"]

1. d4 {[%emt 0:00:19]} d5 {[%emt 0:00:44]} 2. Bf4 {[%emt 0:00:19]} c5 {[%emt 0:00:08]} 3. e3 {[%emt 0:00:18]} Nc6 {[%emt 0:00:05]} 4. Nf3 {[%emt 0:00:30]} Nf6 {[%emt 0:05:09]} 5. Nbd2 {[%emt 0:00:19]} Bf5 {[%emt 0:01:38]} 6. c3 {[%emt 0:04:09]} e6 {[%emt 0:02:54]} 7. Qb3 {[%emt 0:01:35]} Qc8 {[%emt 0:05:36]} 8. h3 {[%emt 0:01:40]} c4 {[%emt 0:02:18]} 9. Qd1 {[%emt 0:00:13]} b5 {[%emt 0:00:58]} 10. Nh4 {[%emt 0:00:33]} Be7 {[%emt 0:02:55]} 11. Nxf5 {[%emt 0:00:34]} exf5 {[%emt 0:00:02]} 12. Be2 {[%emt 0:00:59]} h6 {[%emt 0:03:07]} 13. Qc2 {[%emt 0:04:29]} O-O {[%emt 0:04:09]} 14. O-O {[%emt 0:01:53]} Qe6 {[%emt 0:03:11]} 15. Rae1 {[%emt 0:00:18]} Kh8 {[%emt 0:09:55]} 16. Bd1 {[%emt 0:01:25]} g5 {[%emt 0:02:20]} 17. Bh2 {[%emt 0:00:27]} Rg8 {[%emt 0:05:09]} 18. f3 {[%emt 0:07:38]} Rg7 {[%emt 0:08:51]} 19. e4 {[%emt 0:01:17]} f4 {[%emt 0:00:30]} 20. exd5 {[%emt 0:03:11]} Qxd5 {[%emt 0:00:07]} 21. b3 {[%emt 0:06:32]} Nd7 {[%emt 0:04:02]} 22. bxc4 {[%emt 0:02:04]} bxc4 {[%emt 0:00:13]} 23. Qe4 {[%emt 0:00:14]} Nf6 {[%emt 0:01:33]} 24. Qe2 {[%emt 0:05:04]} Rc8 {[%emt 0:06:32]} 25. Qxc4 {[%emt 0:01:04]} Qxc4 {[%emt 0:00:39]} 26. Nxc4 {[%emt 0:00:09]} Nd5 {[%emt 0:00:07]} 27. Ne5 {[%emt 0:00:24]} Ne3 {[%emt 0:00:34]} 28. Ng4 {[%emt 0:08:05]} Nxf1 {[%emt 0:03:16]} 29. Kxf1 {[%emt 0:00:10]} h5 {[%emt 0:02:43]} 30. Nh6 {[%emt 0:00:50]} Ba3 {[%emt 0:06:27]} 31. Bb3 {[%emt 0:02:44]} f6 {[%emt 0:08:11]} 32. Nf5 {[%emt 0:01:50]} h4 {[%emt 0:02:36]} 33. Nxg7 {[%emt 0:08:35]} Kxg7 {[%emt 0:00:04]} 34. Ke2 {[%emt 0:00:44]} Re8+ {[%emt 0:01:37]} 35. Kd2 {[%emt 0:00:30]} Rxe1 {[%emt 0:04:08]} 36. Kxe1 {[%emt 0:00:11]} Kf8 {[%emt 0:00:05]} 37. Kd2 {[%emt 0:00:31]} Ke7 {[%emt 0:00:24]} 38. Bg1 {[%emt 0:00:30]} a5 {[%emt 0:00:58]} 39. Ba4 {[%emt 0:00:40]} Nd8 {[%emt 0:06:05]} 40. c4 {[%emt 0:00:43]} Ne6 {[%emt 0:00:00]} 41. Kd3 {[%emt 0:00:17]} f5 {[%emt 0:00:00]} 42. Bf2 {[%emt 0:01:12]} Bb4 {[%emt 0:00:39]} 43. c5 {[%emt 0:01:04]} Nc7 {[%emt 0:00:49]} 44. Kc4 {[%emt 0:00:51]} Na6 {[%emt 0:00:26]} 45. d5 {[%emt 0:00:29]} Nc7 {[%emt 0:00:32]} 46. d6+ {[%emt 0:00:14]} 1-0

[Event "VIII Iberoamericano Mexico 2022"]
[Site "Mexico City"]
[Date "2022.02.16"]
[Round "5.46"]
[White "Martinez Morales, Geovanni"]
[Black "Zacarias Martinez, Daniel"]
[Result "1-0"]
[WhiteElo "2098"]
[BlackElo "1673"]
[Annotator "ChessBase"]
[PlyCount "82"]
[EventDate "2022.02.12"]
[EventType "swiss"]
[EventCountry "MEX"]
[SourceTitle "playchess.com"]
[Source "ChessBase"]
[SourceQuality "1"]
[TimeControl "5400+30"]

1. e4 {[%emt 0:00:05]} e5 {[%emt 0:06:41]} 2. Nf3 {[%emt 0:00:10]} Nc6 {[%emt 0:00:08]} 3. Bb5 {[%emt 0:00:07]} a6 {[%emt 0:00:08]} 4. Bxc6 {[%emt 0:01:29]} dxc6 {[%emt 0:00:22]} 5. O-O {[%emt 0:00:10]} Bg4 {[%emt 0:02:20]} 6. h3 {[%emt 0:00:15]} h5 {[%emt 0:00:12]} 7. d3 {[%emt 0:03:08]} Qf6 {[%emt 0:00:11]} 8. Be3 {[%emt 0:03:35]} Bxf3 {[%emt 0:00:37]} 9. Qxf3 {[%emt 0:00:18]} Qxf3 {[%emt 0:00:13]} 10. gxf3 {[%emt 0:00:07]} Bd6 {[%emt 0:00:38]} 11. Nc3 {[%emt 0:07:20]} Ne7 {[%emt 0:00:21]} 12. Ne2 {[%emt 0:00:50]} Ng6 {[%emt 0:00:28]} 13. Kh2 {[%emt 0:05:11]} O-O-O {[%emt 0:01:15]} 14. Rg1 {[%emt 0:03:17]} Rdg8 {[%emt 0:06:04]} 15. a3 {[%emt 0:31:46]} Kd7 {[%emt 0:10:38]} 16. b4 {[%emt 0:01:16]} b6 {[%emt 0:08:15]} 17. c4 {[%emt 0:04:37]} c5 {[%emt 0:17:03]} 18. bxc5 {[%emt 0:01:41]} bxc5 {[%emt 0:02:17]} 19. Rab1 {[%emt 0:00:26]} Rb8 {[%emt 0:03:05]} 20. Nc3 {[%emt 0:06:16]} Rxb1 {[%emt 0:06:22]} 21. Rxb1 {[%emt 0:00:08]} Nf8 {[%emt 0:00:37]} 22. Rb8 {[%emt 0:01:57]} Ng6 {[%emt 0:00:29]} 23. Rb7 {[%emt 0:05:43]} Kc6 {[%emt 0:00:53]} 24. Rb3 {[%emt 0:00:38]} f5 {[%emt 0:08:52]} 25. exf5 {[%emt 0:04:51]} Nh4 {[%emt 0:24:51]} 26. Ne4 {[%emt 0:04:00]} Nxf3+ {[%emt 0:00:00]} 27. Kg3 {[%emt 0:02:37]} Nd4 {[%emt 0:00:00]} 28. Bxd4 {[%emt 0:00:21]} exd4+ {[%emt 0:00:00]} 29. Nxd6 {[%emt 0:00:16]} cxd6 {[%emt 0:00:00]} 30. Kf4 {[%emt 0:00:15]} d5 {[%emt 0:00:00]} 31. cxd5+ {[%emt 0:00:42]} Kxd5 {[%emt 0:00:00]} 32. Rb7 {[%emt 0:00:35]} c4 {[%emt 0:00:00]} 33. dxc4+ {[%emt 0:01:26]} Kxc4 {[%emt 0:00:00]} 34. Rxg7 {[%emt 0:00:12]} Rd8 {[%emt 0:00:00]} 35. f6 {[%emt 0:01:53]} d3 {[%emt 0:00:00]} 36. Kf5 {[%emt 0:03:15]} d2 {[%emt 0:00:25]} 37. Rg1 {[%emt 0:00:27]} Kd3 {[%emt 0:04:02]} 38. f7 {[%emt 0:03:15]} Kc2 {[%emt 0:00:52]} 39. Kf6 {[%emt 0:00:29]} d1=Q {[%emt 0:01:00]} 40. Rxd1 {[%emt 0:00:11]} Kxd1 {[%emt 0:00:29]} 41. Ke7 {[%emt 0:00:22]} Ra8 {[%emt 0:01:12]} 1-0

[Event "VIII Iberoamericano Mexico 2022"]
[Site "Mexico City"]
[Date "2022.02.16"]
[Round "5.47"]
[White "Santiago Gonzalez, Frida"]
[Black "Ortiz Verdezoto, Anahi"]
[Result "0-1"]
[WhiteElo "1758"]
[BlackElo "2047"]
[Annotator "ChessBase"]
[PlyCount "82"]
[EventDate "2022.02.12"]
[EventType "swiss"]
[EventCountry "MEX"]
[SourceTitle "playchess.com"]
[Source "ChessBase"]
[SourceQuality "1"]
[TimeControl "5400+30"]

1. e4 {[%emt 0:00:04]} e5 {[%emt 0:00:07]} 2. Nf3 {[%emt 0:00:07]} Nc6 {[%emt 0:00:06]} 3. d3 {[%emt 0:00:08]} Nf6 {[%emt 0:00:26]} 4. g3 {[%emt 0:00:13]} d5 {[%emt 0:01:19]} 5. exd5 {[%emt 0:00:38]} Nxd5 {[%emt 0:00:18]} 6. Bg2 {[%emt 0:00:11]} Be7 {[%emt 0:01:47]} 7. O-O {[%emt 0:00:12]} O-O {[%emt 0:00:08]} 8. Re1 {[%emt 0:01:02]} f6 {[%emt 0:00:22]} 9. Nbd2 {[%emt 0:00:50]} Bg4 {[%emt 0:00:14]} 10. h3 {[%emt 0:00:19]} Bh5 {[%emt 0:00:43]} 11. g4 {[%emt 0:01:42]} Bf7 {[%emt 0:00:55]} 12. Nf1 {[%emt 0:00:39]} Nf4 {[%emt 0:03:13]} 13. Ng3 {[%emt 0:02:09]} Nxg2 {[%emt 0:00:27]} 14. Kxg2 {[%emt 0:00:07]} Qd7 {[%emt 0:07:31]} 15. Nf5 {[%emt 0:07:23]} Be6 {[%emt 0:05:14]} 16. N3h4 {[%emt 0:08:00]} Rad8 {[%emt 0:07:35]} 17. Be3 {[%emt 0:04:50]} g6 {[%emt 0:02:25]} 18. Nxe7+ {[%emt 0:08:27]} Nxe7 {[%emt 0:01:44]} 19. Kg1 {[%emt 0:04:42]} f5 {[%emt 0:05:02]} 20. Bh6 {[%emt 0:02:10]} fxg4 {[%emt 0:01:36]} 21. Rxe5 {[%emt 0:10:10]} g3 {[%emt 0:03:10]} 22. Bxf8 {[%emt 0:10:29]} gxf2+ {[%emt 0:02:18]} 23. Kg2 {[%emt 0:08:16]} Rxf8 {[%emt 0:03:19]} 24. Rxe6 {[%emt 0:02:54]} f1=Q+ 25. Qxf1 {[%emt 0:00:21]} Rxf1 {[%emt 0:01:03]} 26. Rxe7 {[%emt 0:01:32]} Qxe7 {[%emt 0:00:05]} 27. Rxf1 {[%emt 0:00:37]} Qxh4 {[%emt 0:00:05]} 28. b3 {[%emt 0:04:54]} h5 {[%emt 0:00:19]} 29. a4 {[%emt 0:01:43]} g5 {[%emt 0:00:06]} 30. a5 {[%emt 0:04:19]} g4 {[%emt 0:00:47]} 31. hxg4 {[%emt 0:00:19]} hxg4 {[%emt 0:00:02]} 32. Rh1 {[%emt 0:00:25]} Qg5 {[%emt 0:00:03]} 33. Kg3 {[%emt 0:00:48]} Qxa5 {[%emt 0:00:08]} 34. Rh4 {[%emt 0:02:09]} Qe1+ {[%emt 0:00:08]} 35. Kxg4 {[%emt 0:00:59]} Qe2+ {[%emt 0:00:07]} 36. Kf5 {[%emt 0:00:46]} Qxc2 {[%emt 0:00:08]} 37. Rc4 {[%emt 0:01:37]} Qxd3+ {[%emt 0:00:07]} 38. Kf6 {[%emt 0:01:04]} Qxb3 {[%emt 0:00:40]} 39. Rg4+ {[%emt 0:00:49]} Kf8 {[%emt 0:00:03]} 40. Rh4 {[%emt 0:05:09]} Qf7+ {[%emt 0:01:12]} 41. Kg5 {[%emt 0:00:14]} Qe7+ {[%emt 0:00:07]} 0-1

[Event "VIII Iberoamericano Mexico 2022"]
[Site "Mexico City"]
[Date "2022.02.16"]
[Round "5.48"]
[White "Munoz Ricardo, Wasdin Antonio"]
[Black "Zarate Manjarrez, Alfredo"]
[Result "0-1"]
[WhiteElo "1745"]
[BlackElo "2026"]
[Annotator "NA"]
[PlyCount "50"]
[EventDate "2022.02.12"]
[EventType "swiss"]
[EventCountry "MEX"]
[SourceTitle "playchess.com"]
[Source "ChessBase"]
[SourceQuality "1"]
[TimeControl "5400+30"]

1. e4 {[%emt 0:00:14]} c5 {[%emt 0:00:20]} 2. Nf3 {[%emt 0:01:38]} d6 {[%emt 0:00:11]} 3. d4 {[%emt 0:00:40]} cxd4 {[%emt 0:00:06]} 4. Nxd4 {[%emt 0:00:05]} Nf6 {[%emt 0:00:04]} 5. Nc3 {[%emt 0:00:05]} g6 {[%emt 0:04:42]} 6. Bc4 {[%emt 0:02:41]} Bg7 {[%emt 0:00:11]} 7. Bb3 {[%emt 0:01:15]} Nc6 {[%emt 0:00:30]} 8. Nxc6 {[%emt 0:02:54]} bxc6 {[%emt 0:00:06]} 9. e5 {[%emt 0:00:38]} dxe5 {[%emt 0:00:25]} 10. Qf3 {[%emt 0:06:07]} Qc7 {[%emt 0:06:43]} 11. Bg5 {[%emt 0:04:24]} O-O {[%emt 0:00:37]} 12. Bxf6 {[%emt 0:02:33]} exf6 {[%emt 0:02:02]} 13. O-O-O {[%emt 0:01:45]} f5 {[%emt 0:00:35]} 14. Nb5 {[%emt 0:02:58]} Qb6 {[%emt 0:04:49]} 15. Nd6 {[%emt 0:01:00]} Be6 {[%emt 0:21:43]} 16. Bxe6 {[%emt 0:18:16]} fxe6 {[%emt 0:00:01]} 17. Nc4 {[%emt 0:00:32]} Qa6 {[%emt 0:01:47]} 18. b3 {[%emt 0:09:35]} e4 {[%emt 0:03:16]} 19. Qf4 {[%emt 0:08:53]} Qxa2 {[%emt 0:00:42]} 20. Rd7 {[%emt 0:18:47]} Qa1+ {[%emt 0:02:26]} 21. Kd2 {[%emt 0:00:03]} Bc3+ {[%emt 0:01:47]} 22. Ke2 {[%emt 0:01:35]} Qxh1 {[%emt 0:00:05]} 23. Rd1 {[%emt 0:03:23]} Qxg2 {[%emt 0:00:10]} 24. Qd6 {[%emt 0:01:56]} Qg4+ {[%emt 0:03:48]} 25. Kf1 {[%emt 0:00:43]} f4 {[%emt 0:00:07]} 0-1

[Event "VIII Iberoamericano Mexico 2022"]
[Site "Mexico City"]
[Date "2022.02.16"]
[Round "5.49"]
[White "Nava Ruiz, Miguel Angel"]
[Black "Ocampo, Cristina"]
[Result "1-0"]
[WhiteElo "1696"]
[BlackElo "2024"]
[Annotator "ChessBase"]
[PlyCount "114"]
[EventDate "2022.02.12"]
[EventType "swiss"]
[EventCountry "MEX"]
[SourceTitle "playchess.com"]
[Source "ChessBase"]
[SourceQuality "1"]
[TimeControl "5400+30"]

1. d4 {[%emt 0:00:05]} Nf6 {[%emt 0:00:33]} 2. Nf3 {[%emt 0:01:07]} e6 {[%emt 0:00:13]} 3. c4 {[%emt 0:00:50]} Bb4+ {[%emt 0:00:15]} 4. Bd2 {[%emt 0:02:24]} Qe7 {[%emt 0:01:39]} 5. e3 {[%emt 0:00:38]} O-O {[%emt 0:04:56]} 6. Bd3 {[%emt 0:00:42]} Bxd2+ {[%emt 0:03:15]} 7. Nbxd2 {[%emt 0:01:32]} d6 {[%emt 0:01:06]} 8. O-O {[%emt 0:02:27]} e5 {[%emt 0:02:20]} 9. e4 {[%emt 0:05:15]} Nbd7 {[%emt 0:04:15]} 10. Re1 {[%emt 0:09:44]} a5 {[%emt 0:05:29]} 11. Nf1 {[%emt 0:04:39]} b6 {[%emt 0:23:08]} 12. Ne3 {[%emt 0:03:23]} g6 {[%emt 0:00:38]} 13. Nd5 {[%emt 0:05:36]} Qd8 {[%emt 0:01:39]} 14. a3 {[%emt 0:04:32]} Bb7 {[%emt 0:11:04]} 15. b4 {[%emt 0:03:08]} Re8 {[%emt 0:02:56]} 16. Rb1 {[%emt 0:06:38]} c6 {[%emt 0:04:03]} 17. Nxf6+ {[%emt 0:09:12]} Nxf6 {[%emt 0:00:13]} 18. d5 {[%emt 0:01:05]} Qc7 {[%emt 0:02:25]} 19. Qd2 {[%emt 0:00:58]} Nh5 {[%emt 0:02:43]} 20. Qb2 {[%emt 0:02:50]} Nf4 {[%emt 0:01:42]} 21. Bf1 {[%emt 0:00:37]} a4 {[%emt 0:01:37]} 22. g3 {[%emt 0:00:49]} Nh5 {[%emt 0:00:05]} 23. Bg2 {[%emt 0:11:19]} Rec8 {[%emt 0:00:26]} 24. c5 {[%emt 0:01:40]} cxd5 {[%emt 0:05:59]} 25. cxd6 {[%emt 0:00:25]} Qxd6 {[%emt 0:00:07]} 26. Nxe5 {[%emt 0:00:53]} dxe4 {[%emt 0:01:48]} 27. Ng4 {[%emt 0:03:44]} Qf8 {[%emt 0:02:47]} 28. Qd4 {[%emt 0:03:11]} f5 {[%emt 0:01:55]} 29. Qxb6 {[%emt 0:00:25]} Qg7 {[%emt 0:01:37]} 30. Ne3 {[%emt 0:00:55]} Nf6 {[%emt 0:01:08]} 31. Rbc1 {[%emt 0:02:17]} Nd5 {[%emt 0:02:32]} 32. Nxd5 {[%emt 0:01:25]} Bxd5 {[%emt 0:00:07]} 33. Qb5 {[%emt 0:01:29]} Bb3 {[%emt 0:02:06]} 34. Bf1 {[%emt 0:00:50]} Rc3 {[%emt 0:04:49]} 35. Rxc3 {[%emt 0:02:33]} Qxc3 {[%emt 0:00:06]} 36. Re3 {[%emt 0:00:05]} Qd4 {[%emt 0:02:46]} 37. Qb7 {[%emt 0:01:33]} Rd8 {[%emt 0:01:06]} 38. b5 {[%emt 0:00:47]} Qc5 {[%emt 0:01:25]} 39. Qc6 {[%emt 0:00:39]} Qxc6 {[%emt 0:03:02]} 40. bxc6 {[%emt 0:00:04]} Rc8 {[%emt 0:00:00]} 41. Rc3 {[%emt 0:00:02]} Rc7 {[%emt 0:00:00]} 42. Bb5 {[%emt 0:01:14]} Kg7 {[%emt 0:00:00]} 43. f3 {[%emt 0:00:13]} exf3 {[%emt 0:00:49]} 44. Kf2 {[%emt 0:00:08]} Kf6 {[%emt 0:01:41]} 45. Kxf3 {[%emt 0:00:22]} Ke5 {[%emt 0:00:00]} 46. Ke3 {[%emt 0:00:03]} Kd6 {[%emt 0:00:17]} 47. Rd3+ {[%emt 0:00:38]} Kc5 {[%emt 0:00:41]} 48. Rd7 {[%emt 0:00:29]} Kb6 {[%emt 0:00:04]} 49. Kd4 {[%emt 0:01:16]} Rc8 {[%emt 0:00:17]} 50. Rb7+ {[%emt 0:00:05]} Ka5 {[%emt 0:00:10]} 51. Kc5 {[%emt 0:00:10]} Ra8 {[%emt 0:00:46]} 52. Bd3 {[%emt 0:00:51]} Be6 {[%emt 0:00:41]} 53. Rxh7 {[%emt 0:01:57]} g5 {[%emt 0:00:22]} 54. Re7 {[%emt 0:00:31]} Bb3 {[%emt 0:00:59]} 55. Bxf5 {[%emt 0:00:07]} Bd1 {[%emt 0:00:33]} 56. c7 {[%emt 0:00:11]} g4 {[%emt 0:00:38]} 57. c8=Q {[%emt 0:00:37]} Bc2 {[%emt 0:01:02]} 1-0